[Event "Hamburg-ch Seniors 65+"]
[Site "Hamburg"]
[Date "2018.11.05"]
[Round "6"]
[White "Bartlitz, Heinz"]
[Black "Walke, Albert"]
[Result "1/2-1/2"]
[WhiteElo "1620"]
[BlackElo "1433"]
[PlyCount "54"]
[EventDate "2018.10.31"]
[EventType "swiss"]
[EventRounds "9"]
[EventCountry "GER"]
[SourceTitle "CBM 189 Extra"]
[Source "ChessBase"]
[SourceDate "2019.06.03"]
[SourceVersion "1"]
[SourceVersionDate "2019.06.03"]
[SourceQuality "1"]

1. e4 e5 2. Nf3 Nc6 3. Bb5 Nf6 4. d3 d6 5. h3 Bd7 6. c3 Be7 7. Nbd2 0-0 8. Nf1 a6 9. Ba4 d5 10. Ng3 h6 11. exd5 Nxd5 12. Bxc6 Bxc6 13. Nxe5 Be8 14. 0-0 Bd6 15. d4 Qf6 16. Nh5 Qf5 17. Ng3 Qf6 18. Ne4 Qe6 19. Nxd6 cxd6 20. Nf3 Bc6 21. Re1 Qf6 22. Nh2 Rae8 23. Ng4 Qg6 24. Rxe8 Rxe8 25. Qf1 h5 26. Nh2 Nxc3 27. Be3 Ne4 1/2-1/2

[Event "Hamburg-ch Seniors 65+"]
[Site "Hamburg"]
[Date "2018.11.04"]
[Round "5"]
[White "Walke, Albert"]
[Black "Lipka, Werner"]
[Result "1/2-1/2"]
[WhiteElo "1433"]
[BlackElo "1630"]
[PlyCount "63"]
[EventDate "2018.10.31"]
[EventType "swiss"]
[EventRounds "9"]
[EventCountry "GER"]
[SourceTitle "CBM 189 Extra"]
[Source "ChessBase"]
[SourceDate "2019.06.03"]
[SourceVersion "1"]
[SourceVersionDate "2019.06.03"]
[SourceQuality "1"]

1. d4 d5 2. Nf3 e6 3. Nc3 c5 4. g3 Nf6 5. Bg2 cxd4 6. Nxd4 Bc5 7. Bg5 h6 8. Bxf6 Qxf6 9. e3 a6 10. 0-0 Nd7 11. Qf3 Qe5 12. Nb3 b6 13. Rad1 0-0 14. Rfe1 f5 15. Nxd5 Rb8 16. Nxc5 Nxc5 17. Ne7+ Kh7 18. Nc6 Qxb2 19. Nxb8 Bb7 20. Nc6 Rc8 21. Rb1 Qc3 22. Qe2 Bxc6 23. Rxb6 Bxg2 24. Kxg2 Qf6 25. Rd1 Ne4 26. Qxa6 Rxc2 27. Rf1 Qc3 28. Rb3 Qd2 29. Qd3 Rxa2 30. Qxd2 Nxd2 31. Rb6 Nxf1 32. Kxf1 1/2-1/2

[Event "Hamburg-ch Seniors 65+"]
[Site "Hamburg"]
[Date "2018.10.31"]
[Round "1"]
[White "Ristic, Sreten"]
[Black "Walke, Albert"]
[Result "1-0"]
[WhiteElo "1776"]
[BlackElo "1433"]
[PlyCount "93"]
[EventDate "2018.10.31"]
[EventType "swiss"]
[EventRounds "9"]
[EventCountry "GER"]
[SourceTitle "CBM 189 Extra"]
[Source "ChessBase"]
[SourceDate "2019.06.03"]
[SourceVersion "1"]
[SourceVersionDate "2019.06.03"]
[SourceQuality "1"]

1. e4 e5 2. f4 d5 3. Nc3 c6 4. Nf3 Bg4 5. fxe5 Nd7 6. d4 Bb4 7. exd5 cxd5 8. Bb5 Ne7 9. 0-0 0-0 10. a3 Bxc3 11. bxc3 a6 12. Bd3 Qc7 13. Bd2 Ng6 14. h3 Be6 15. Qe2 Rae8 16. Rf2 f6 17. exf6 Nxf6 18. Qf1 Ne4 19. Bxe4 dxe4 20. Nh2 Bc4 21. Qe1 Rxf2 22. Qxf2 Rf8 23. Qe3 Qf7 24. Rb1 b5 25. Kh1 Qf2 26. Ng4 Qf5 27. Re1 Bd5 28. Nh2 Qe6 29. Qg3 Bc4 30. Ra1 Ne7 31. Bf4 Nd5 32. Bd6 Rf6 33. Bb4 e3 34. Qb8+ Kf7 35. Nf3 Rxf3 36. Qf8+ Kg6 37. Qxf3 e2 38. Re1 Qf5 39. Qg3+ Kh6 40. Bd6 g5 41. Kh2 Nf6 42. Qe3 Qe4 43. Qf2 Kg6 44. Be5 Qf5 45. Rxe2 Bxe2 46. Qxe2 Ne4 47. c4 1-0